00493nam a2200205Ia 4500008004100000020001400041050001400055100001900069245002200088245004700110260001500157260001600172260000900188300001500197300002700212300001000239440002400249440000600273500000800279170918s9999 xx 000 0 und d a439419174 bB146 2001 aBaglio, Ben M. 4aThe brave bunny / cBen M. Baglio ; illustrated by Andy Ellis. aNew York : bScholastic, c2001 a59 pages : bcolored illustration ; c19cm. aLittle animal ark ; v4 a400